<?xml version="1.0" encoding="UTF-8"?>
<record
    xmlns:xsi="http://www.w3.org/2001/XMLSchema-instance"
    xsi:schemaLocation="http://www.loc.gov/MARC21/slim http://www.loc.gov/standards/marcxml/schema/MARC21slim.xsd"
    xmlns="http://www.loc.gov/MARC21/slim">

  <leader>00936nam a22001457a 4500</leader>
  <datafield tag="999" ind1=" " ind2=" ">
    <subfield code="c">523795</subfield>
    <subfield code="d">523795</subfield>
  </datafield>
  <controlfield tag="008">230927b           ||||| |||| 00| 0 eng d</controlfield>
  <datafield tag="100" ind1=" " ind2=" ">
    <subfield code="a">Sahu, Ajeet Kumar </subfield>
    <subfield code="9">44023</subfield>
  </datafield>
  <datafield tag="245" ind1=" " ind2=" ">
    <subfield code="a">Breaking Ice, moving mountains: A case study on overcoming hurdles in implementing Jal Jeevan Mission in Ladakh </subfield>
  </datafield>
  <datafield tag="260" ind1=" " ind2=" ">
    <subfield code="a">The Administrator : Journal of LBSNAA  </subfield>
  </datafield>
  <datafield tag="300" ind1=" " ind2=" ">
    <subfield code="a">62(1), Jan, 2023: p.787-93</subfield>
  </datafield>
  <datafield tag="520" ind1=" " ind2=" ">
    <subfield code="a">Jal Jeevan Mission (JJM) was launched by the Prime Minister on 15the August 2009 with an objective of improving the quality of life in rural areas. Conceding with it the new union territory (UT) of Ladakh also come into existence few weekslater. Despite being a new UT, with only 3.31% saturation of household (HH) top convection at the time, Ladakh resolved to achieve the target a hit ached of the national target. &#x2013; Reproduced </subfield>
  </datafield>
  <datafield tag="773" ind1=" " ind2=" ">
    <subfield code="a">The Administrator : Journal of LBSNAA  </subfield>
  </datafield>
  <datafield tag="906" ind1=" " ind2=" ">
    <subfield code="a">WATER RESOURCES</subfield>
  </datafield>
  <datafield tag="942" ind1=" " ind2=" ">
    <subfield code="c">AR</subfield>
  </datafield>
  <datafield tag="952" ind1=" " ind2=" ">
    <subfield code="0">0</subfield>
    <subfield code="1">0</subfield>
    <subfield code="2">ddc</subfield>
    <subfield code="4">0</subfield>
    <subfield code="7">0</subfield>
    <subfield code="9">398845</subfield>
    <subfield code="a">IIPA</subfield>
    <subfield code="b">IIPA</subfield>
    <subfield code="d">2023-09-27</subfield>
    <subfield code="h">62(1), Jan, 2023: p.87-93</subfield>
    <subfield code="p">AR129693</subfield>
    <subfield code="r">2023-09-27</subfield>
    <subfield code="y">AR</subfield>
  </datafield>
</record>
